000 00532cam a2200205ua 4500
001 8477
005 20260515114335.0
008 150130n ii |||gr||||Z||||||eng
040 _cMAIN
041 _aeng
082 _a820
100 _aGoodman, W. R.,
_eAuthor.
245 1 _aHistory of english literature :
_bVol I /
_cBy W. R. Goodman .
250 _a1st.
260 _aNew Delhi:
_bDoaba,
_c1998.
300 _a928p.
653 _aEnglish.& Old English literatures
653 _aHistory of english literature
942 _cBK
999 _c7579
_d7579